Division Collision - Statistics

General Stats
  • This quiz has been taken 8 times
  • The average score is 5 of 8
Answer Stats
Picture Answer % Correct
NFL, AFC East
100%
NFL, AFC North
100%
NFL, NFC East
86%
MLB, AL Central
71%
NBA, Southeast
57%
NFL, NFC West
57%
MLB, AL East
29%
PWHL
14%
No matching quizzes found
Score Distribution
Percent of People with Each Score
Percentile by Number Answered
Your Score History
You have not taken this quiz